[Event "BEL-chT 0708"]
[Site "Belgium"]
[Date "2008.03.06"]
[Round "11"]
[White "Sielicki, Tomasz"]
[Black "Bourgeois, Marcel"]
[Result "1-0"]
[WhiteElo "1960"]
[BlackElo "1994"]
[PlyCount "85"]
[EventDate "2007.09.30"]
[EventType "team-tourn"]
[EventRounds "11"]
[EventCountry "BEL"]
[SourceTitle "EXT 2009"]
[Source "ChessBase"]
[SourceDate "2008.11.26"]
[SourceVersion "1"]
[SourceVersionDate "2008.11.26"]
[SourceQuality "1"]
[WhiteTeam "KSK47 Eynatten II"]
[BlackTeam "Liege Crelel"]
[WhiteTeamCountry "BEL"]
[BlackTeamCountry "BEL"]

1. d4 Nf6 2. c4 c5 3. d5 b5 4. cxb5 a6 5. bxa6 g6 6. Nc3 Bxa6 7. Nf3 d6 8. g3 Bg7 9. Bg2 0-0 10. 0-0 Nbd7 11. Rb1 Qc7 12. b3 Rfb8 13. Qc2 Bb7 14. Rd1 Qa5 15. a4 Ba6 16. Bd2 Qc7 17. h3 Ra7 18. Be1 e6 19. dxe6 fxe6 20. Ng5 Nf8 21. Nce4 Nxe4 22. Nxe4 Rd8 23. Bc3 e5 24. Ng5 Bb7 25. Bd5+ Bxd5 26. Rxd5 Qe7 27. h4 Nd7 28. e4 Nf6 29. Rdd1 h6 30. Nf3 Qe6 31. Bxe5 Rf7 32. Qe2 Rdd7 33. Bxf6 Qxf6 34. Kg2 Rd8 35. Nd2 Rdf8 36. f4 g5 37. hxg5 hxg5 38. f5 Qe7 39. g4 d5 40. e5 Qxe5 41. Qxe5 Bxe5 42. Nf3 Bf4 43. Rxd5 1-0